000 02546cam a22006494i 4500
003 PE-LiUPU
005 20250731170439.0
008 150625s2003 mx a rb 000 0 spa d
020 _a9702602289
020 _a9789702602286
035 _a(Sirsi) i9789702602286
040 _aPE-LiUPU
_bspa
_cPE-LiUPU
_erda
049 _aPRUA
082 0 4 _a155.2
_bC63
_221
100 1 _aCloninger, Susan C.,
_eautor.
245 1 0 _aTeorías de la personalidad /
_cSusan C. Cloninger.
250 _aTercera edición.
264 1 _aMéxico :
_bPrentice Hall,
_c2003.
300 _a568 páginas :
_bilustraciones ;
_c26 centímetros
336 _atext
_2rdacontent
337 _aunmediated
_2rdamedia
338 _avolume
_2rdacarrier
500 _aIncluye glosario al final de cada capítulo.
504 _aIncluye referencias bibliográficas.
505 0 _aIntroducción a la teoría de la personalidad -- La perspectiva psicoanalítica -- La perspectiva psicoanalítica-social -- La perspectiva de los rasgos -- La perspectiva del aprendizaje -- Enfoque cognoscitivo del aprendizaje social -- La perspectiva humanista.
526 _aSEG68
526 _aSEG70
526 _aSEG69
526 _aSEG67
526 _aSEG43
526 _aP144
526 _aP143
526 _aP131
526 _aP122
526 _aP120
526 _aP117
526 _aP112
526 _aP110
526 _aP106
526 _aP101
526 _aP80
526 _aP59
526 _aP54
526 _aP35
526 _aP33
526 _aP30
541 _g0012-0003097;
541 _g0012-0003097;
650 0 4 _aPersonalidad
_xTeoría.
942 _2ddc
_cBOOK
949 _a155.2 C63
_wDEWEY
_c1
_i55352
_d2016-11-13
_e2016-11-9
_lCCODEBUL1
_mBUL
_n15
_p25.00
_r0
_sY
_tBOOK
_u2015-6-25
_xSALUD
_PP33
_0COMPRA
_o.STAFF. Colección General
949 _a155.2 C63
_wDEWEY
_c2
_i56338
_d2016-10-28
_e2016-10-23
_lCCODEBUL1
_mBUL
_n6
_p25.00
_r0
_sY
_tBOOK
_u2015-6-25
_xSALUD
_PP33
_0COMPRA
_o.STAFF. Colección General
994 _aC0
_bPEPRU
596 _a1
999 _a155.2 C63
_wDEWEY
_c44261
_i55352
_d44261
_e2019-9-6
_f2022-5-11
_g5
_lCCODEBUL1
_mBUL
_n29
_p25.00
_q6
_r0
_sY
_tBOOK
_u2015-6-25
_xSALUD
_PP33
_0COMPRA
_o.STAFF. Colección Ciencias de la Salud
999 _a155.2 C63
_wDEWEY
_c2
_i56338
_d2019-11-20
_e2019-11-17
_f2019-12-10
_g4
_lDISCARD
_mBUL
_n22
_p25.00
_q14
_r1
_sY
_tBOOK
_u2015-6-25
_xSALUD
_PP33
_0COMPRA
_o.STAFF. Colección Ciencias de la Salud
980 _81
_gALBERTO SANCHEZ Responsable de Automatización